Wskaż liczby pierwsze - nagła śmierć - Statystyki

Ogólne statystyki
  • Ten quiz został rozwiązany 147 razy
  • Średni wynik to 7 z 14
Answers on the Grid
Answers color-coded by a green-red scale on the quiz's grid according to % correct below.
2
4
45
65
87
54
44
23
67
73
69
83
71
37
12
17
23
57
55
80
1
43
19
29
58
88
93
41
20
10
7
8
 
Statystyki odpowiedzi
Odpowiedź % Poprawnych
7
68%
17
65%
2
63%
19
53%
23
52%
37
52%
41
52%
23
48%
29
45%
43
45%
73
41%
71
39%
67
37%
83
33%
Nie znaleziono quizów pasujących do podanych kryteriów
Rozkład punktacji
Procent ludzi z każdym wynikiem
Percentyl według liczby udzielonych odpowiedzi
Twoja historia wyników
Nie rozwiązałeś tego quizu